Libro de buen Amor

Tallennettuna:
Bibliografiset tiedot
Päätekijä: Hita Arcipreste de, Juan Ruiz
Aineistotyyppi: Kirja
Kieli:Undetermined
Julkaistu: Madrid, España Mestas, Ediciones Escolares 1999
Aiheet:
Tagit: Lisää tagi
Ei tageja, Lisää ensimmäinen tagi!

MARC

LEADER 00000nam a2200000Ia 4500
008 170316s9999 xx 000 0 und d
090 |a 862 H-8L 
100 |a Hita Arcipreste de, Juan Ruiz 
245 |a Libro de buen Amor 
260 |a Madrid, España 
260 |b Mestas, Ediciones Escolares 
260 |c 1999 
300 |a 252 páginas 
650 |a LITERATURA ESPAÑOLA 
650 |a LITERATURA MEDIEVAL ESPAÑOLA 
650 |a POESÍA 
999 |c 25393  |d 25393 
040 |a cru BVZT 
942 |c 15 D  |h 862 H-8L  |2 z